000 00538nam a2200181 i 4500
001 88950
003 ES-MaACL
005 20230906175959.0
007 t|
008 050113s1977 fr ||||1| fre d
080 _a944.361 P.
100 1 _aBournon, Fernand.
_931018
245 1 0 _aParis
_b: histoire, monuments, administration, environs de Paris /
_cpar Fernand Bournon.
260 _aBagnolet :
_bGrafik Plus,
_c[1977]
300 _aV, 384 p. ;
_c22 cm.
651 4 _aParĂ­s-
_xHistoria.
_99211
852 _aES-MaACL
_jE-10798
_bR.135160
999 _c88950
_d88950